000 00471nam a2200181 a 4500
001 33501
005 20180714001433.0
008 140415s2003 sp 000 0 spa d
041 _aspa
082 _a200
_bDEB
100 1 _aDEBRAY, PIERRE
245 1 0 _aDOCUMENTACION SOBRE LOS NUEVOS CURAS
250 _a1a ed.
260 _aESPAÑA :
_bLUIS DE CARALT,
_c2003
300 _a243
650 1 4 _aRELIGION
700 1 _aDOSSIER DES NOUVEAUX PETRES
_etr.
999 _c33501
_d33501